Vista normal
Vista MARC
Entrada Materia (personas)
Número de registros utilizados en: 1
001 - CONTROL NUMBER
- control field: 76051
003 - CONTROL NUMBER IDENTIFIER
- control field: Co-BoUCM
005 - DATE AND TIME OF LATEST TRANSACTION
- control field: 20160307115242.0
008 - FIXED-LENGTH DATA ELEMENTS
- fixed length control field: 160307|| aca||aabn | a|a d
040 ## - CATALOGING SOURCE
- Original cataloging agency: Co-BoUCM
- Transcribing agency: Co-BoUCM
100 ## - HEADING--PERSONAL NAME
- Personal name: Hayek, Friedrich August,
- Dates associated with a name: 1899-1992
670 ## - SOURCE DATA FOUND
- Source citation: Work cat.: (Co-BoUCM)302534: Kolev, Stefan 76050, Neoliberale Staatsverständnisse im Vergleich, 2013